Histología básica (Registro nro. 3899)
[ vista simple ]
| 000 -CABECERA | |
|---|---|
| campo de control de longitud fija | 01140cam a2200337 c 4500 |
| 001 - NÚMERO DE CONTROL | |
| campo de control | a5100470 |
| 003 - IDENTIFICADOR DEL NÚMERO DE CONTROL | |
| campo de control | SpMaBN |
| 005 - FECHA Y HORA DE LA ÚLTIMA TRANSACCIÓN | |
| campo de control | 20180907140713.0 |
| 008 - DATOS DE LONGITUD FIJA--INFORMACIÓN GENERAL | |
| campo de control de longitud fija | 110829s2011 sp a | |||| 001 0 spa |
| 015 ## - NÚMERO DE BIBLIOGRAFÍA NACIONAL | |
| Número de bibliografía nacional | MON1109 |
| 017 ## - NÚMERO DE COPYRIGHT O DE DEPÓSITO LEGAL | |
| Número de copyright o de depósito legal | B 19384-2011 |
| Agencia que asigna | Oficina Depósito Legal Barcelona |
| 020 ## - NÚMERO INTERNACIONAL ESTÁNDAR DEL LIBRO | |
| Número Internacional Estándar del Libro | 9788480868686 |
| 035 ## - NÚMERO DE CONTROL DEL SISTEMA | |
| Número de control de sistema | (OCoLC)751667008 |
| 040 ## - FUENTE DE LA CATALOGACIÓN | |
| Centro catalogador/agencia de origen | SpMaBN |
| Lengua de catalogación | |
| Centro/agencia transcriptor | |
| Normas de descripción | |
| 041 1# - CÓDIGO DE LENGUA | |
| Código de lengua del texto/banda sonora o título independiente | spa |
| Código de lengua original | eng |
| 080 ## - NÚMERO DE LA CLASIFICACIÓN DECIMAL UNIVERSAL | |
| Número de la Clasificación Decimal Universal | 611.018 |
| 100 1# - ENTRADA PRINCIPAL--NOMBRE DE PERSONA | |
| Nombre de persona | Gartner, Leslie P. |
| Fechas asociadas al nombre | 1943- |
| 240 10 - TÍTULO UNIFORME | |
| Título uniforme | <a href="Concise histology">Concise histology</a> |
| Lenguaje de la obra | Español |
| 245 10 - MENCIÓN DE TÍTULO | |
| Título | Histología básica |
| Medio | [Texto impreso] |
| Mención de responsabilidad, etc. | Leslie P. Gartner, James L. Hiatt ; [traducción y producción editorial, GEA Consultoría Editorial S.L.] |
| 260 ## - PUBLICACIÓN, DISTRIBUCIÓN, ETC. (PIE DE IMPRENTA) | |
| Lugar de publicación, distribución, etc. | Barcelona |
| Nombre del editor, distribuidor, etc. | Elsevier |
| Fecha de publicación, distribución, etc. | D.L. 2011 |
| 300 ## - DESCRIPCIÓN FÍSICA | |
| Extensión | IX, 342 p. |
| Otras características físicas | il. col. |
| Dimensiones | 26 cm |
| 500 ## - NOTA GENERAL | |
| Nota general | Índice |
| 594 ## - | |
| -- | Título original: Concise histology |
| 650 #7 - PUNTO DE ACCESO ADICIONAL DE MATERIA--TÉRMINO DE MATERIA | |
| Término de materia o nombre geográfico como elemento inicial | Histología |
| Fuente del encabezamiento o término | embne |
| 700 1# - PUNTO DE ACCESO ADICIONAL--NOMBRE DE PERSONA | |
| Nombre de persona | Hiatt, James L. |
| Fechas asociadas al nombre | 1934- |
| 994 ## - | |
| -- | MONOMODERN |
| 956 ## - LOCALIZACIÓN Y ACCESO ELECTRÓNICOS LOCAL (OCLC) | |
| Nombre del host | 2 |
| 926 ## - | |
| -- | BNALCALA |
| -- | SG_PETANTI |
| -- | 12/793141 |
| -- | FONDO_MODE |
| -- | 1 |
| 926 ## - | |
| -- | BNALCALA |
| -- | SG_PETANTI |
| -- | AHMO/625141 |
| -- | FONDO_MODE |
| -- | 1 |
| 926 ## - | |
| -- | BNALCALA |
| -- | CONSERVACI |
| -- | DL/2024586 |
| -- | NO_PRESTA |
| -- | 1 |
No hay ítems disponibles.

